[Event "Caissa Guatemala Online"]
[Site "Chess.com INT"]
[Date "2021.01.23"]
[Round "1"]
[White "Koolen, Tom"]
[Black "Calderin Gonzalez, Roberto"]
[Result "0-1"]
[WhiteElo "1503"]
[BlackElo "2424"]
[PlyCount "52"]
[EventDate "2021.01.23"]
[EventType "swiss (blitz)"]
[EventRounds "7"]
[EventCountry "GUA"]
[SourceTitle "CBM 200 Extra"]
[Source "ChessBase"]
[SourceDate "2021.03.31"]
[SourceVersion "1"]
[SourceVersionDate "2021.03.31"]
[SourceQuality "1"]

1. e4 c5 2. Nf3 Nc6 3. Nc3 g6 4. d4 cxd4 5. Nxd4 Bg7 6. Be3 Nf6 7. f3 0-0 8. Qd2 d5 9. Nxc6 bxc6 10. Bh6 Bxh6 11. Qxh6 dxe4 12. Rd1 Qa5 13. Rd4 Rb8 14. Ra4 Qc5 15. Rc4 Qa5 16. Ra4 Qe5 17. Be2 exf3 18. gxf3 Rxb2 19. Ne4 Rb1+ 20. Bd1 Rxd1+ 21. Kxd1 Qa1+ 22. Ke2 Qxh1 23. Nxf6+ exf6 24. Rh4 Re8+ 25. Kf2 Qe1+ 26. Kg2 Re2# 0-1

[Event "Caissa Guatemala Online"]
[Site "Chess.com INT"]
[Date "2021.01.23"]
[Round "7"]
[White "Petkovic, Aleksandar"]
[Black "Koolen, Tom"]
[Result "1-0"]
[WhiteElo "2157"]
[BlackElo "1503"]
[PlyCount "65"]
[EventDate "2021.01.23"]
[EventType "swiss (blitz)"]
[EventRounds "7"]
[EventCountry "GUA"]
[SourceTitle "CBM 200 Extra"]
[Source "ChessBase"]
[SourceDate "2021.03.31"]
[SourceVersion "1"]
[SourceVersionDate "2021.03.31"]
[SourceQuality "1"]

1. e4 e5 2. Nf3 Nf6 3. Nc3 Bc5 4. Nxe5 Nc6 5. Nf3 0-0 6. e5 Re8 7. d4 Bb4 8. Bd3 d6 9. 0-0 dxe5 10. dxe5 Bxc3 11. bxc3 Nd5 12. Re1 Nxc3 13. Qd2 Nd5 14. Ng5 Nxe5 15. Bxh7+ Kh8 16. Rxe5 Rxe5 17. Nxf7+ Kxh7 18. Nxd8 Nf4 19. Bb2 Ne2+ 20. Kf1 Re8 21. Re1 Bg4 22. f3 Raxd8 23. Qg5 Rd7 24. Qxg4 Rde7 25. Qh5+ Kg8 26. Qd5+ Kh8 27. Kf2 Nf4 28. Rxe7 Nxd5 29. Rxe8+ Kh7 30. Re5 Nb4 31. Re7 Nd5 32. Rxg7+ Kh6 33. Rg4 1-0

[Event "Sitges Sunway online op"]
[Site "Chess.com INT"]
[Date "2020.04.26"]
[Round "8"]
[White "Koolen, Tom"]
[Black "Shoshin, Kirill"]
[Result "1/2-1/2"]
[WhiteElo "1503"]
[BlackElo "2098"]
[PlyCount "72"]
[EventDate "2020.04.19"]
[EventType "swiss"]
[EventRounds "9"]
[EventCountry "ESP"]
[SourceTitle "EXT 2021"]
[Source "ChessBase"]
[SourceDate "2020.10.23"]
[SourceVersion "1"]
[SourceVersionDate "2020.10.23"]
[SourceQuality "1"]

1. e4 e6 2. d4 d5 3. Nc3 Nf6 4. Bg5 dxe4 5. Nxe4 Be7 6. Bxf6 gxf6 7. Nf3 f5 8. Nc3 a6 9. g3 b5 10. Bg2 Bb7 11. 0-0 Qd6 12. Ne5 Bxg2 13. Qh5 0-0 14. Kxg2 Qxd4 15. f4 Qb6 16. Rad1 Bf6 17. Kh3 Qc5 18. Nd7 Nxd7 19. Rxd7 Rad8 20. Ne4 fxe4 21. Qxc5 Rxd7 22. Qc6 Rd5 23. f5 Re5 24. Rf4 e3 25. Re4 Rxf5 26. Rxe3 Rd8 27. Rd3 Rxd3 28. cxd3 Bxb2 29. Qxa6 Kg7 30. Qc6 b4 31. Qxc7 Bc3 32. Qc4 Rh5+ 33. Kg2 Ra5 34. Kh3 Rh5+ 35. Kg2 Ra5 36. Kh3 Rh5+ 1/2-1/2